|
|
|
|
| LEADER |
01081nam a2200241 a 4500 |
| 001 |
276018 |
| 008 |
090702s1950 enk b 000 0 eng d |
| 020 |
|
|
|a 019565028x
|
| 040 |
|
|
|a DLC
|c DLC
|d DLC
|
| 082 |
0 |
0 |
|a 821.709
|2 16
|
| 100 |
1 |
|
|a Bowra, C. M.
|q (Cecil Maurice),
|d 1898-1971.
|
| 245 |
1 |
4 |
|a The romantic imagination /
|c Maurice Bowra.
|
| 260 |
|
|
|a London ;
|a New York ;
|a New Delhi :
|b Oxford University Press
|c 1950
|
| 300 |
|
|
|a [viii], 306 p. :
|c 22 cm.
|
| 500 |
|
|
|a "Lectures which ... [the author] gave at Cambridge, Massachusetts ... 1948-1949, when ... [he] was Charles Eliot Norton professor of poetry at Harvard University."
|
| 504 |
|
|
|a Bibliography: p. [295]-300.
|
| 541 |
1 |
|
|e 00012212
|
| 650 |
|
0 |
|a English poetry
|y 19th century
|x History and criticism.
|
| 650 |
|
0 |
|a Romanticism
|z Great Britain.
|
| 852 |
4 |
|
|a Ayesha Abed Library
|j General shelf
|
| 942 |
0 |
0 |
|0 1
|
| 999 |
|
|
|c 1961
|d 1961
|
| 952 |
|
|
|0 0
|1 0
|2 ddc
|4 0
|6 821_709000000000000_BOW
|7 0
|9 1800
|a BRACUL
|b BRACUL
|c GEN
|d 2009-07-02
|g 195.00
|l 7
|m 54
|o 821.709 BOW
|p 3010012212
|q 2026-05-21
|r 2025-10-20
|s 2025-10-20
|t 1
|v 390.00
|w 2009-07-02
|y BK
|